00427 a2200133 4500020002700000020003000027082000800057100002300065245005000088250001200138260004000150300002100190856008200211 a817898332X (paperback) a9788178983325 (paperback)04a2971 aAhmed, Hasanuddin.12aA brief history of islam /cHasanuddin Ahmed. a1st ed. a[S.l.] :bLaurier Books Ltd,c2004. a593 p. ;c22 cm.403Amazon.comuhttp://www.amazon.com/exec/obidos/ASIN/817898332X/chopaconline-20